000 00758nam a2200253 i 4500
001 18243
003 ES-MaACL
005 20230906151806.0
007 t|
008 011015s2000 sp ||||1| spa d
020 _a84-8374-188-1
080 _a821.134.2-14"19"
100 1 _aNúñez, Vicente.
_986169
245 1 0 _aViaje al retorno
_b: antología poética /
_cVicente Núñez ; prólogo de Miguel Casado ; edición de Angel Luis Vigaray.
250 _a1ª ed.
260 _aMadrid :
_bHuerga y Fierro,
_c2000.
300 _a216 p. ;
_c24 cm.
490 1 _aSignos
700 1 _aCasado, Miguel.
_936008
700 1 _aVigaray, Angel Luis.
_9114613
830 0 _aSignos
_9180410
852 _aES-MaACL
_jL-24952
_bR.130354
999 _c18243
_d18243